| 000 | 00802nas a2200265 4500 | ||
|---|---|---|---|
| 001 | BR2010002659 | ||
| 003 | BR-BrBNA | ||
| 005 | 20231205114240.0 | ||
| 007 | ta | ||
| 008 | 230509b bl.|||p| |||| 00| 00por d | ||
| 040 |
_aBR-BrBNA _bpor _cBiblioteca Nacional de Agricultura |
||
| 041 | _a(Pt) | ||
| 072 | _aF61 | ||
| 100 | 1 | _aCosta, V.L. da | |
| 100 | 1 | _aMaria, I.C. de | |
| 100 | 1 | _aCamargo, O.A. de | |
| 245 | 1 | _aTransporte de fósforo pela enxurrada em latossolo que recebeu lodo de esgoto | |
| 650 | _aTRANSPORTE DE NUTRIENTE | ||
| 650 | _aFÓSFORO | ||
| 650 | _aEUTROFICAÇÃO | ||
| 650 | _aRESÍDUO ORGÂNICO | ||
| 773 | 0 |
_tBragantia (Brazil) _xISSN 0006-8705 _g(Jan-Mar 2010), v. 69(1) p. 115-123 _wBR2010002659 |
|
| 909 |
_a202311 _bLúcia _c55 _dLúcia Elande |
||
| 942 |
_2AGRIS _n0 _cANA |
||
| 999 |
_c207817 _d207817 |
||